000 01028nam a22002057a 4500
005 20230926113034.0
010 _aHIN-104904 HIN-125747
020 _c495.00
035 _aHN-77250 HN-98093
037 _bDBAD / PUB
082 _a302.23
100 _aसिंह, संचिता
_957430
245 _aसोशल मीडिया की सम्भावनाएँ/
_cसंचिता सिंह
246 _aSocial media ki sambhavnayen
_bby Sanchita Singh
260 _aदिल्ली
_bबुक ट्री पब्लिशिंग हाउस
_c2014
270 _aआत्माराम बिल्डिंग,1376, कश्मीरी गेट, इंडियन बैंक के पीछे
_bदिल्ली
_e110006
300 _a203पृ.
_c22सेमी (सजिल्द)
500 _aसमान ISBN 9789383278008 शीर्षक मोहन चोपड़ा का रचनाकर्म
942 _2ddc
_cHN
_mसिंहसं
_h302.23
999 _c91272
_d91272